ბათუმის შოთა რუსთაველის სახელმწიფო უნივერსიტეტის ბიბლიოთეკა

გულთმისნების ქვეყანა (ბიბ.ჩანაწერი № 50532)

000 -LEADER
fixed length control field 00736nam a2200205Ia 4500
001 - CONTROL NUMBER
control field 17481
003 - CONTROL NUMBER IDENTIFIER
control field GE_BSU
008 - FIXED-LENGTH DATA ELEMENTS--GENERAL INFORMATION
fixed length control field 181216s||||||||xx |||||||||||||| ||und||
040 ## - CATALOGING SOURCE
Transcribing agency GE_BSU
080 ## - UNIVERSAL DECIMAL CLASSIFICATION NUMBER
Universal Decimal Classification number 82-93:821.353.1-32
100 ## - MAIN ENTRY--PERSONAL NAME
Personal name ნატროშვილი, გიორგი
245 ## - TITLE STATEMENT
Title გულთმისნების ქვეყანა
245 ## - TITLE STATEMENT
Remainder of title მოთხრობები სასკოლო ასაკის ბავშვთათვის
245 ## - TITLE STATEMENT
Statement of responsibility, etc. რედ.:ნ.ლორთქიფანიძე;მხატვ.:ა.გახარია
260 ## - PUBLICATION, DISTRIBUTION, ETC.
Place of publication, distribution, etc. თბილისი
260 ## - PUBLICATION, DISTRIBUTION, ETC.
Name of publisher, distributor, etc. ნაკადული
260 ## - PUBLICATION, DISTRIBUTION, ETC.
Date of publication, distribution, etc. 1968
300 ## - PHYSICAL DESCRIPTION
Extent 113გვ. ; 16სმ.
942 ## - ADDED ENTRY ELEMENTS (KOHA)
Koha item type წიგნი
ეგზემპლარები
Withdrawn status Lost status Damaged status Not for loan Date acquired Barcode Date last seen Price effective from Koha item type Public note
        2018-12-17 41531 2018-12-17 2018-12-17 წიგნი აგრარული ტექ.ფაკ.
        2018-12-17 41532 2018-12-17 2018-12-17 წიგნი აგრარული ტექ.ფაკ.